[Event "Cheliabinsk-ch 1L op"]
[Site "Cheliabinsk"]
[Date "2010.02.04"]
[Round "9"]
[White "Davletshin, Nail"]
[Black "Protasov, Valery"]
[Result "1-0"]
[WhiteElo "1807"]
[BlackElo "1802"]
[PlyCount "73"]
[EventDate "2010.01.??"]
[EventType "swiss"]
[EventRounds "9"]
[EventCountry "RUS"]
[SourceTitle "EXT 2012"]
[Source "ChessBase"]
[SourceDate "2011.11.24"]
[SourceVersion "1"]
[SourceVersionDate "2011.11.24"]
[SourceQuality "1"]

1. e4 e6 2. d4 b6 3. Be3 Bb7 4. Nd2 Nf6 5. Bd3 Nc6 6. c3 Ne7 7. Qf3 Ng6 8. 0-0-0 d6 9. h4 h5 10. Bg5 Be7 11. Nh3 e5 12. d5 Bc8 13. Qg3 Bd7 14. f4 Bxh3 15. Rxh3 Ng4 16. Bb5+ Kf8 17. Rhh1 exf4 18. Bxf4 Bf6 19. Nf3 Qe7 20. Rde1 N6e5 21. Nd4 a6 22. Nf5 Qd8 23. Be2 g6 24. Ne3 Nxe3 25. Bxe3 Kg7 26. Ref1 Qd7 27. Qf4 Qe7 28. g3 b5 29. Kc2 Rae8 30. Bd4 Nd7 31. Bd3 Ne5 32. Be2 Rc8 33. Rf2 c5 34. dxc6 Rxc6 35. Rhf1 d5 36. exd5 Rd6 37. Bc5 1-0

[Event "Cheliabinsk-ch 1L op"]
[Site "Cheliabinsk"]
[Date "2010.01.16"]
[Round "3"]
[White "Znamensky, Nikolai"]
[Black "Davletshin, Nail"]
[Result "1-0"]
[WhiteElo "1791"]
[BlackElo "1807"]
[PlyCount "53"]
[EventDate "2010.01.??"]
[EventType "swiss"]
[EventRounds "9"]
[EventCountry "RUS"]
[SourceTitle "EXT 2012"]
[Source "ChessBase"]
[SourceDate "2011.11.24"]
[SourceVersion "1"]
[SourceVersionDate "2011.11.24"]
[SourceQuality "1"]

1. Nf3 Nf6 2. c4 d5 3. cxd5 Nxd5 4. d4 e6 5. e4 Nb6 6. Nc3 Be7 7. Bd3 0-0 8. 0-0 c5 9. Be3 cxd4 10. Nxd4 e5 11. Nf5 Bf6 12. Qe2 Nc6 13. Rfd1 Bxf5 14. exf5 Re8 15. Ne4 Nd4 16. Qg4 Kh8 17. Qh5 g6 18. fxg6 fxg6 19. Qh3 Qe7 20. Nxf6 Qxf6 21. Qg4 Rac8 22. Rac1 Rxc1 23. Rxc1 Nd5 24. Rc8 Rf8 25. Rxf8+ Qxf8 26. Bxd4 exd4 27. Qxd4+ 1-0

[Event "Cheliabinsk Region CC-ch sf"]
[Site "Cheliabinsk"]
[Date "2010.??.??"]
[Round "2"]
[White "Davletshin, Nail"]
[Black "Rodionov, Nikolai"]
[Result "0-1"]
[WhiteElo "1813"]
[BlackElo "1694"]
[PlyCount "46"]
[EventDate "2010.??.??"]
[EventType "swiss"]
[EventRounds "9"]
[EventCountry "RUS"]
[SourceTitle "EXT 2012"]
[Source "ChessBase"]
[SourceDate "2011.11.24"]
[SourceVersion "1"]
[SourceVersionDate "2011.11.24"]
[SourceQuality "1"]

1. e4 c5 2. Nf3 e6 3. d4 cxd4 4. Nxd4 Nc6 5. Be3 a6 6. Nc3 Qc7 7. Qd2 Nf6 8. Be2 d6 9. 0-0-0 Be7 10. g4 Ne5 11. g5 Nfd7 12. f4 Nc4 13. Bxc4 Qxc4 14. Kb1 b5 15. b3 Qc7 16. f5 Nc5 17. fxe6 Bxe6 18. Nf5 Bxf5 19. Nd5 Qb7 20. exf5 Ne4 21. Qg2 Nc3+ 22. Ka1 Nxd1 23. Nf6+ Bxf6+ 0-1

[Event "Cheliabinsk Region CC-ch sf"]
[Site "Cheliabinsk"]
[Date "2010.??.??"]
[Round "8"]
[White "Makarenkov, Yuriy"]
[Black "Davletshin, Nail"]
[Result "1/2-1/2"]
[WhiteElo "1767"]
[BlackElo "1813"]
[PlyCount "33"]
[EventDate "2010.??.??"]
[EventType "swiss"]
[EventRounds "9"]
[EventCountry "RUS"]
[SourceTitle "EXT 2012"]
[Source "ChessBase"]
[SourceDate "2011.11.24"]
[SourceVersion "1"]
[SourceVersionDate "2011.11.24"]
[SourceQuality "1"]

1. e4 e5 2. Nf3 Nf6 3. Nxe5 d6 4. Nf3 Nxe4 5. Qe2 Qe7 6. d3 Nf6 7. Qxe7+ Bxe7 8. Be2 0-0 9. 0-0 Bg4 10. Nc3 Nc6 11. Bg5 h6 12. Bxf6 Bxf6 13. h3 Bxf3 14. Bxf3 Rfe8 15. Bxc6 bxc6 16. Rfe1 Bxc3 17. bxc3 1/2-1/2

[Event "Cheliabinsk We Remember"]
[Site "Cheliabinsk"]
[Date "2009.06.21"]
[Round "?"]
[White "Davletshin, Nail"]
[Black "Gaisin, Nail"]
[Result "0-1"]
[WhiteElo "1831"]
[BlackElo "1877"]
[PlyCount "96"]
[EventDate "2009.06.21"]
[EventType "tourn"]
[EventRounds "11"]
[EventCountry "RUS"]
[SourceTitle "EXT 2022"]
[Source "ChessBase"]
[SourceDate "2021.10.06"]
[SourceVersion "1"]
[SourceVersionDate "2021.10.06"]
[SourceQuality "1"]

1. e4 e6 2. d4 d5 3. Nc3 Nf6 4. e5 Nfd7 5. Nf3 c5 6. Be3 Nc6 7. Bb5 cxd4 8. Bxd4 Nxd4 9. Qxd4 a6 10. Bxd7+ Bxd7 11. 0-0 Rc8 12. Nd2 Bc5 13. Qg4 0-0 14. Kh1 Ba7 15. Rac1 f5 16. exf6 Rxf6 17. f3 Bb8 18. Rfe1 Rh6 19. f4 Rh4 20. Qf3 Rxf4 21. Qe2 Rh4 22. Nf3 Rh6 23. Rcd1 Qc7 24. Qe5 Rd8 25. Qe2 Qb6 26. Rb1 Rf8 27. h3 d4 28. Ne4 Qc7 29. Neg5 Bc6 30. Nxe6 Bxf3 31. gxf3 Rxh3+ 32. Kg1 Qg3+ 33. Qg2 Rxf3 34. Nxd4 Qxg2+ 35. Kxg2 Rfg3+ 36. Kf1 Ba7 37. c3 Bxd4 38. cxd4 Rd3 39. Kg2 Rhg3+ 40. Kf2 Rgf3+ 41. Kg2 Rf4 42. Re8+ Kf7 43. Rb8 Rfxd4 44. Rxb7+ Kg6 45. Rb6+ Rd6 46. Rb3 Rd2+ 47. Kh1 h5 48. Rg3+ Kh6 0-1

[Event "Cheliabinsk We Remember"]
[Site "Cheliabinsk"]
[Date "2009.06.21"]
[Round "?"]
[White "Davletshin, Nail"]
[Black "Medvedev, Sergey"]
[Result "1-0"]
[WhiteElo "1831"]
[BlackElo "1769"]
[PlyCount "47"]
[EventDate "2009.06.21"]
[EventType "tourn"]
[EventRounds "11"]
[EventCountry "RUS"]
[SourceTitle "EXT 2022"]
[Source "ChessBase"]
[SourceDate "2021.10.06"]
[SourceVersion "1"]
[SourceVersionDate "2021.10.06"]
[SourceQuality "1"]

1. e4 e5 2. Nf3 Nc6 3. Bb5 d6 4. d4 Bd7 5. 0-0 Be7 6. Nc3 Nxd4 7. Nxd4 exd4 8. Qxd4 Bf6 9. Qd3 c6 10. Bc4 b5 11. Bb3 b4 12. Nd1 Qc7 13. Bf4 Be5 14. Bxe5 dxe5 15. Qc4 Nh6 16. Qxb4 Kd8 17. Ne3 a5 18. Qd2 Re8 19. Rad1 Ke7 20. f4 a4 21. Bc4 Rad8 22. Qb4+ c5 23. Nd5+ Kf8 24. Nxc7 1-0